00444cam a22001337a 4500008003800000082001800038100002500056245002700081260004600108300000800154440002500162500008200187650004100269180718b-- xxu||||| |||| 00| 0 eng d aA81x54 01/1ET aCensus of India 2001 aIndia: economic tables aDelhibThe Controller of Publicationsc-- a-v- aCensus of India 2001 aContents: v.1. table B-1. Scheduled castes and scheduled tribes. 2006. 281+p. aIndia - Economic conditions - Census